Vrcholové vedení Minimum personálního řízení. 3
Riadiaca os personálneho riadenia, ktorú tvorí: vrcholové vedenie - personálny útvar - vedúci pracovníci. Úloha vrcholového vedenia. Význam pojmu podniková kultúra. Línioví vedúci pracovníci všetkých stupňov riadenia. Štýly riadenia.
Gespeichert in:
| 1. Verfasser: | |
|---|---|
| Format: | Buchkapitel |
| Sprache: | Tschechisch |
| Schlagworte: | |
| Tags: |
Keine Tags, Fügen Sie das erste Tag hinzu!
|
MARC
| LEADER | 00000naa a2200000 4500 | ||
|---|---|---|---|
| 001 | r000537 | ||
| 005 | 20221213083319.9 | ||
| 041 | 0 | |a cze | |
| 044 | |a CZ | ||
| 245 | 1 | 0 | |a Vrcholové vedení |b Minimum personálního řízení. 3 |c F. Olexa |
| 520 | |a Riadiaca os personálneho riadenia, ktorú tvorí: vrcholové vedenie - personálny útvar - vedúci pracovníci. Úloha vrcholového vedenia. Význam pojmu podniková kultúra. Línioví vedúci pracovníci všetkých stupňov riadenia. Štýly riadenia. | ||
| 610 | 2 | 0 | |a manažment personálny |
| 610 | 2 | 0 | |a riadenie vrcholové |
| 610 | 2 | 0 | |a pracovníci vedúci |
| 610 | 2 | 0 | |a manažéri |
| 610 | 2 | 0 | |a útvary podnikové |
| 610 | 2 | 0 | |a kultúra podniková |
| 610 | 2 | 0 | |a pojmy |
| 100 | 1 | |a Olexa, F. | |